[Event "Regionalliga SO 9596"]
[Site "Bayern"]
[Date "1996.02.25"]
[Round "6"]
[White "Schneider, Roland"]
[Black "Piljic, Srecko"]
[Result "1/2-1/2"]
[WhiteElo "1885"]
[BlackElo "2120"]
[PlyCount "104"]
[EventDate "1995.10.15"]
[EventType "team-tourn"]
[EventRounds "9"]
[EventCountry "GER"]
[SourceTitle "EXT 1999"]
[Source "ChessBase"]
[SourceDate "1998.11.16"]
[SourceVersion "1"]
[SourceVersionDate "1998.11.16"]
[SourceQuality "1"]
[WhiteTeam "Passau II"]
[BlackTeam "Freising SK"]
[WhiteTeamCountry "GER"]
[BlackTeamCountry "GER"]

1. e4 e5 2. Nf3 Nc6 3. Bc4 d6 4. 0-0 Bg4 5. d3 Nf6 6. Re1 Be7 7. c3 Na5 8. Nbd2 0-0 9. Bb3 c5 10. Bc2 Qc7 11. Nf1 h6 12. Ne3 b5 13. h3 Be6 14. Bd2 Rad8 15. a4 a6 16. axb5 axb5 17. c4 b4 18. Nh2 Nc6 19. Ba4 Nd4 20. Nf3 Nxf3+ 21. Qxf3 Ra8 22. Rec1 Nh7 23. Nd5 Bxd5 24. exd5 f5 25. Bc6 Ra7 26. Qd1 Bg5 27. Rxa7 Qxa7 28. Ra1 Qe7 29. Be1 e4 30. d4 Bf6 31. dxc5 Bxb2 32. cxd6 Qxd6 33. Rb1 Bc3 34. Bxc3 bxc3 35. Rb3 Qe5 36. Qc2 e3 37. Qxc3 exf2+ 38. Kxf2 Qf4+ 39. Kg1 Nf6 40. c5 Ne4 41. Qc2 Qe5 42. Rd3 Qa1+ 43. Rd1 Qe5 44. Qc4 Kh7 45. Rc1 Rc8 46. Re1 Qf4 47. Re2 Rb8 48. Qc2 Qe5 49. Rxe4 fxe4 50. d6 Qa1+ 51. Kh2 Qe5+ 52. Kg1 Qd4+ 1/2-1/2

[Event "Regionalliga SO 9596"]
[Site "Bayern"]
[Date "1996.01.28"]
[Round "5"]
[White "Reisinger, Georg"]
[Black "Piljic, Srecko"]
[Result "0-1"]
[WhiteElo "1820"]
[BlackElo "2120"]
[PlyCount "108"]
[EventDate "1995.10.15"]
[EventType "team-tourn"]
[EventRounds "9"]
[EventCountry "GER"]
[SourceTitle "EXT 1999"]
[Source "ChessBase"]
[SourceDate "1998.11.16"]
[SourceVersion "1"]
[SourceVersionDate "1998.11.16"]
[SourceQuality "1"]
[WhiteTeam "Deggendorf"]
[BlackTeam "Freising SK"]
[WhiteTeamCountry "GER"]
[BlackTeamCountry "GER"]

1. e4 e5 2. Nf3 Nc6 3. Bb5 a6 4. Ba4 b5 5. Bb3 h6 6. c3 Nf6 7. 0-0 Be7 8. Re1 d6 9. h3 Na5 10. Bc2 c5 11. d4 cxd4 12. cxd4 Qc7 13. Nbd2 Be6 14. Nf1 Rc8 15. Bd3 0-0 16. b3 exd4 17. Bb2 Nd7 18. Rc1 Qb8 19. Bxd4 Nc6 20. Bb2 Nde5 21. Bb1 Rfd8 22. Ne3 Bf6 23. Nh2 Qb6 24. Qd2 Bg5 25. Qd1 Bf4 26. Rc2 Nb4 27. Rxc8 Rxc8 28. a3 Nbc6 29. Nf3 Nxf3+ 30. Qxf3 Be5 31. Nd5 Qa7 32. Bc1 Qd4 33. Rd1 Qa1 34. Qd3 Kf8 35. b4 Nd4 36. Be3 Bxd5 37. exd5 Rc3 38. Qf1 Rxa3 39. Be4 Qb2 40. Kh1 Qxb4 41. Bd2 Qc4 42. Qe1 Nb3 43. Bc1 Nxc1 44. Rxc1 Rc3 45. Rxc3 Qxc3 46. Qxc3 Bxc3 47. Bd3 Ke7 48. Kg1 Kf6 49. f4 g5 50. fxg5+ hxg5 51. Be4 Ke5 52. Bf3 Kd4 53. Kf1 a5 54. Ke2 a4 0-1

[Event "Regionalliga SO 9596"]
[Site "Bayern"]
[Date "1995.10.15"]
[Round "1"]
[White "Piljic, Srecko"]
[Black "Kessler, Horst"]
[Result "1-0"]
[WhiteElo "2120"]
[BlackElo "1890"]
[PlyCount "85"]
[EventDate "1995.10.15"]
[EventType "team-tourn"]
[EventRounds "9"]
[EventCountry "GER"]
[SourceTitle "EXT 1999"]
[Source "ChessBase"]
[SourceDate "1998.11.16"]
[SourceVersion "1"]
[SourceVersionDate "1998.11.16"]
[SourceQuality "1"]
[WhiteTeam "Freising SK"]
[BlackTeam "Unterpfaff Germering"]
[WhiteTeamCountry "GER"]
[BlackTeamCountry "GER"]

1. d4 Nf6 2. c4 e6 3. Nf3 b6 4. Nc3 Bb7 5. g3 Be7 6. Bg2 0-0 7. 0-0 Ne4 8. Qc2 Nxc3 9. bxc3 c6 10. e4 d5 11. cxd5 cxd5 12. e5 Nc6 13. Rd1 Ba6 14. h4 Na5 15. Bf1 Bxf1 16. Kxf1 Qd7 17. Kg2 Rfc8 18. Rd3 Rc7 19. Ng5 h6 20. Nf3 Rac8 21. Rb1 Nc4 22. g4 Na3 23. Bxa3 Bxa3 24. g5 h5 25. g6 fxg6 26. Re3 Be7 27. Qxg6 Rxc3 28. Rxc3 Rxc3 29. Qxh5 Bd8 30. Ng5 Bxg5 31. hxg5 Qf7 32. g6 Qf5 33. Qxf5 exf5 34. Rb5 Rd3 35. Rxd5 Kf8 36. Rd7 a5 37. d5 Ke8 38. e6 b5 39. f4 b4 40. Rxg7 Rxd5 41. Rf7 Rd2+ 42. Kg3 Rd1 43. g7 1-0

[Event "Regionalliga SO 9495"]
[Site "Bayern"]
[Date "1995.??.??"]
[Round "?.4"]
[White "Aulinger, Reimund"]
[Black "Piljic, Srecko"]
[Result "1/2-1/2"]
[WhiteElo "2115"]
[BlackElo "2280"]
[PlyCount "23"]
[EventDate "1994.10.??"]
[EventType "team-tourn"]
[EventRounds "9"]
[EventCountry "GER"]
[SourceTitle "EXT 1999"]
[Source "ChessBase"]
[SourceDate "1998.11.16"]
[SourceVersion "1"]
[SourceVersionDate "1998.11.16"]
[SourceQuality "1"]
[WhiteTeam "Ebersberg Grafing"]
[BlackTeam "Freising SK"]
[WhiteTeamCountry "GER"]
[BlackTeamCountry "GER"]

1. d4 Nf6 2. c4 e6 3. Nc3 d5 4. cxd5 exd5 5. Bg5 Be7 6. e3 Bf5 7. Bxf6 Bxf6 8. Qb3 c6 9. Qxb7 Qb6 10. Qxb6 axb6 11. Nge2 0-0 12. Ng3 1/2-1/2

[Event "Regionalliga SO 9495"]
[Site "Bayern"]
[Date "1995.??.??"]
[Round "?.6"]
[White "Tauber, Rainer"]
[Black "Piljic, Srecko"]
[Result "1/2-1/2"]
[WhiteElo "1970"]
[BlackElo "2280"]
[PlyCount "107"]
[EventDate "1994.10.??"]
[EventType "team-tourn"]
[EventRounds "9"]
[EventCountry "GER"]
[SourceTitle "EXT 1999"]
[Source "ChessBase"]
[SourceDate "1998.11.16"]
[SourceVersion "1"]
[SourceVersionDate "1998.11.16"]
[SourceQuality "1"]
[WhiteTeam "Deggendorf"]
[BlackTeam "Freising SK"]
[WhiteTeamCountry "GER"]
[BlackTeamCountry "GER"]

1. e4 c5 2. Nf3 Nc6 3. Bb5 g6 4. 0-0 Bg7 5. c3 d5 6. e5 Qb6 7. Ba4 Bg4 8. Re1 e6 9. d3 Nge7 10. Nbd2 0-0 11. h3 Bxf3 12. Nxf3 Qa6 13. Bg5 b5 14. Bc2 Rac8 15. Qd2 Qb6 16. Rac1 a5 17. h4 h5 18. d4 cxd4 19. cxd4 Rfe8 20. Bh6 Nb4 21. Bb1 Nf5 22. Bxg7 Kxg7 23. Rc3 Rc4 24. b3 Rc6 25. Rxc6 Nxc6 26. Bxf5 exf5 27. Rc1 Ne7 28. Rc5 Rc8 29. Qg5 Rxc5 30. dxc5 Qe6 31. Qe3 Nc6 32. Nd4 Nxd4 33. Qxd4 Kf8 34. a3 Kg8 35. f4 f6 36. b4 axb4 37. axb4 Kf7 38. Kf2 fxe5 39. fxe5 Qc6 40. Ke3 Ke6 41. Qa1 Qb7 42. Kf4 Kf7 43. Ke3 Qe7 44. g3 g5 45. Qd4 Ke6 46. hxg5 Qxg5+ 47. Qf4 Qg7 48. Kd4 h4 49. gxh4 Qg1+ 50. Kd3 Qd1+ 51. Ke3 Qe1+ 52. Kd3 Qd1+ 53. Ke3 Qe1+ 54. Kd3 1/2-1/2

[Event "Regionalliga SO 9495"]
[Site "Bayern"]
[Date "1994.??.??"]
[Round "?.6"]
[White "Koehl, Franz Xaver"]
[Black "Piljic, Srecko"]
[Result "1/2-1/2"]
[WhiteElo "2025"]
[BlackElo "2280"]
[PlyCount "111"]
[EventDate "1994.10.??"]
[EventType "team-tourn"]
[EventRounds "9"]
[EventCountry "GER"]
[SourceTitle "EXT 1999"]
[Source "ChessBase"]
[SourceDate "1998.11.16"]
[SourceVersion "1"]
[SourceVersionDate "1998.11.16"]
[SourceQuality "1"]
[WhiteTeam "Unterpfaff Germering"]
[BlackTeam "Freising SK"]
[WhiteTeamCountry "GER"]
[BlackTeamCountry "GER"]

1. e4 e5 2. Nc3 Nc6 3. Bc4 Nf6 4. d3 d6 5. Nge2 Be7 6. 0-0 0-0 7. Ng3 Na5 8. Bb3 Nxb3 9. axb3 c5 10. f4 Bg4 11. Qe1 exf4 12. Rxf4 Qd7 13. h3 Be6 14. Nf5 Bd8 15. Be3 Re8 16. Qf2 b6 17. Rf1 Bxf5 18. Rxf5 Re5 19. Qg3 Rxf5 20. Rxf5 Kf8 21. Nd5 Be7 22. Bh6 Ne8 23. Bg5 Bxg5 24. Qxg5 h6 25. Qh4 Nc7 26. Nxc7 Qxc7 27. g4 Re8 28. Qg3 Re5 29. Qf2 Qe7 30. Qf4 Kg8 31. Kg2 f6 32. Rxe5 Qxe5 33. Qxe5 dxe5 34. Kf3 Kf7 35. c3 Ke6 36. Ke3 a5 37. c4 Kd6 38. Kd2 Kc6 39. Kc3 Kb7 40. Kc2 Ka6 41. Kb1 b5 42. Ka2 Kb6 43. Kb1 b4 44. Kc2 Kc6 45. Kd2 Kd6 46. Ke3 Ke6 47. Kf3 Kf7 48. Kg3 Kg6 49. Kh4 Kh7 50. Kg3 g6 51. h4 h5 52. gxh5 gxh5 53. Kf3 Kg6 54. Kg3 Kf7 55. Kf3 Ke6 56. Kg3 1/2-1/2